World water balance : proceedings of the Reading symposium, July 1970.

Saved in:
Bibliographic Details
Corporate Authors: International Association of Hydrological Sciences, World Meteorological Association
Format: Book
Language:English
Published: Gentbrugge : IASH-Unesco-WMO, 1972.
Series:Studies and reports in hydrology ; 11
Subjects:
LEADER 01305nam a2200289 i 4500
001 c000128519
003 CARM
005 20110531132951.0
008 840316s1972 be 0 eng d
019 1 |a 24689369  |z 10221074  |z 50581561  |z 312377  |z 57994730  |z 61015694  |5 LACONCORD2021 
035 |a (OCoLC)815259  |5 LACONCORD2021 
040 |a VCAV  |c VCAV 
245 0 0 |a World water balance :  |b proceedings of the Reading symposium, July 1970. 
260 |a Gentbrugge :  |b IASH-Unesco-WMO,  |c 1972. 
300 |a 3 v. :  |b illus. 
490 0 |a Studies and reports in hydrology ;  |v 11 
500 |a Text in English or French with summaries in English, French, Spanish and Russian. 
500 |a Includes bibliographies. 
650 0 |a Hydrology. 
650 0 |a Water balance (Hydrology) 
710 2 0 |a International Association of Hydrological Sciences. 
710 2 0 |a World Meteorological Association. 
852 8 |b CARM  |h A2:AD07C0  |i B00660  |p 0036114  |j v.1  |f BK 
852 8 |b CARM  |h A2:AD07C0  |i B00660  |p 0036116  |j v.2  |f BK 
999 f f |i 46454803-9665-5ddc-9774-89e05c0dc713  |s de38caa6-38e2-5d8c-99da-aa6f3f5a6027 
952 f f |p Can circulate  |a CAVAL  |b CAVAL  |c CAVAL  |d CARM 1 Store  |e B00660  |f A2:AD07C0  |h Other scheme  |i book  |j v.1  |m 0036114 
952 f f |p Can circulate  |a CAVAL  |b CAVAL  |c CAVAL  |d CARM 1 Store  |e B00660  |f A2:AD07C0  |h Other scheme  |i book  |j v.2  |m 0036116